000 00443nam a2200169Ia 4500
008 090711s9999 xx 000 0 und d
082 _b66371
100 _aभोगले प्रभाकर
245 _aसुमा
260 _c1985
300 _a319
600 _aभोगले प्रभाकर
630 _aसुमा
700 _aभोगले प्रभाकर
730 _aसुमा
942 _cBOOK
999 _c300889
_d300889